000
00249nam a2200109Ia 4500
008
190216s9999||||xx |||||||||||||| ||und||
100
_a
Rathna Swami
245
0
_a
Asiayude Charithram
260
_b
Sahithya Nilayam
650
_a
History
942
_c
BK
999
_c
18862
_d
18862